000 00572nam a2200217Ia 4500
003 OSt
005 20220924143354.0
006 a|||||r|||| 00| 0
007 ta
008 220923b |||||||| |||| 00| 0 urd d
024 _a307895
037 _cTextual
040 _aARTS
_cARTS
_burd
041 _2urd
_aurd
082 _aDelta73w,M9, 168K4
100 _aNaushahi Sharafut Qadri
_9215557
245 0 _aAzkar -e- naushahiyan
260 _c1964
942 _hDelta73w,M9, 168K4
_cTEXL
_2CC
999 _c454203
_d454203